00509cam a22001697a 4500003000500000005001700005008004100022010001000063011001000073035001000083040000900093110003600102245008100138260008900219300001100308650002000319CHAP20220329142223.0000224d1997 mx rl 00010 spa d a80098 a81070 a91530 cCHAP aMéxico. Leyes, decretos, etc. 0aLey forestalc/por Secretaría de Medio Ambiente Recursos Naturales y Pesca aMéxico, D. F. :bSecretaría de Medio Ambiente Recursos Naturales y Pesca,c1997. a114 p.14aBosquesxLeyes.